000
00249nam a2200097Ia 4500
001
1253567
005
20251031150956.0
008
251031s9999 xx 000 0 und d
245
0
_c
CANAN KUŞ BÜYÜKTAŞ
_a
Y-7 BABÜR ŞAH
260
_b
ERDEM YAYINLARI
999
_c
1253567
_d
1253567